Entendre el teatre : perfils d'una nova teatrologia / Marco de Marinis ; traducció de Carlota Subirós ; pròleg de Joan Abellan perfils d'una nova teatrologia / Marco de Marinis ; traducció de Carlota Subirós ; pròleg de Joan Abellan
Descripción Física:
426 p. ; 21 cm
Colección:
Escrits teòrics ; 8
Materias:
Teatre -- Teoria
MARC
| LEADER | 00000nam a2200000Ia 4500 | ||
|---|---|---|---|
| 001 | 12127 | ||
| 008 | 160829s1998 xx 000 0 cat d | ||
| 080 | |a B-1-204 | ||
| 100 | 1 | |a Marinis, Marco de |9 26307 | |
| 245 | |a Entendre el teatre : |b perfils d'una nova teatrologia / Marco de Marinis ; traducció de Carlota Subirós ; pròleg de Joan Abellan | ||
| 260 | |a Barcelona : |b Institut del Teatre. Diputació de Barcelona, |c 1998 | ||
| 300 | |a 426 p. ; |c 21 cm | ||
| 490 | |a Escrits teòrics ; 8 | ||
| 590 | |a Referències bibliogràfiques. | ||
| 590 | |a Índex | ||
| 650 | |a Teatre |x Teoria |9 26308 | ||
| 700 | |a Subirós, Carlota, |d 1974- |9 26309 | ||
| 700 | 1 | |a Abellán, Joan, |d 1946- |e autor del pròleg |9 30606 | |
| 710 | 1 | |a Institut del Teatre (Barcelona, Catalunya) |9 52662 | |
| 901 | |a Arxiu | ||
| 942 | |n 1 |2 udc | ||
| 952 | |0 0 |1 0 |4 0 |6 B1204 |7 1 |9 43951 |a Arxiu |b Arxiu |d 2016-12-01 |l 0 |o B-1-204 |p 12127 |r 2016-12-01 00:00:00 |w 2016-12-01 |y ARXIU | ||
| 999 | |c 46531 |d 46531 | ||